000 00465nam a2200169Ia 4500
008 230524s9999 xx 000 0 und d
082 _a612
_bHAR
100 _aJoen Iannucci Haring
_923856
245 0 _aDental Radiography (Principles and Techniques with CD)
250 _a3TH
260 _aNEW DELHI
_bElsevier
_c2006
300 _aXVIII;475
500 _aQuantity Number: 1
650 _aBiomedical
700 _a Laura Jansen Howerton
_923857
942 _cBK
999 _c35328
_d35328